000 00562nam a2200169 4500
001 140525
003 ES-MaACL
005 20230906200110.0
007 t|
008 070214s1977 sp r ||||1| spa d
100 1 _aSearle, J. R.
_9104989
245 1 1 _a¿Qué es un acto de habla? /
_cJ. R. Searle ; presentación, versión y selección bibliográfica de Luis M. Valdés Villanueva.
260 _aValencia :
_bRevista Teorema,
_c1977.
300 _a45 p. ;
_c22 cm.
700 1 _aValdés Villanueva, Luis M.
_9112536
852 _aES-MaACL
_j2105-F-1
_bR.96787
999 _c140525
_d140525